01106nab a22001817a 4500003000400000005001700004008004100021040000700062100003100069245008200100300001500182500003700197505032000234505016500554650002300719650002900742773015300771OSt20260126045650.0190514b xxu||||| |||| 00| 0 spa d cPJ aOrlievsky, Natalia Soledad13aEl desafío de la cuantificación económica /bNatalia Soledad Orlievsky. ap. 205-214 aCita: TR LALEY AR/DOC/2667/2024. aSumario: I. Palabras introductorias.— II. Aproximando una conceptualización de la compensación económica.— III. El caso en comentario.— IV. Lo que dice el fallo.— V. Lo resuelto.— VI. Pautas generales para la fijación de la compensación.— VII. Cuantificación.— VIII. Cierre y reflexiones.  tFallo comentado: SC Mendoza, sala I ~ 14/03/2024 ~ F., M. C. c. G., D. D. por compensación económica (mixto) SCANEAD s/ recurso extraordinario provincial. 0aDERECHO DE FAMILIA 0aJURISPRUDENCIA APLICABLE0 02844dBuenos Aires : AbeledoPerrot, 1989-tDerecho de familia. Revista Interdisciplinaria de doctrina y jurisprudencia. Diciembre 2024-VI.z18511201